| 000 | 00559nam a2200169Ia 4500 | ||
|---|---|---|---|
| 003 | GCL | ||
| 008 | 140319s9999 xx 000 0 ara d | ||
| 040 |
_aGCL / _cGCL |
||
| 082 | 0 | 4 |
_a362.293 _bم م |
| 100 | 1 | _aمحمد عباس منصور | |
| 245 | 1 | 0 |
_aالمخدرات : _bالتجارة المشروعة و غير مشروعة / _cمحمد عباس منصور |
| 260 |
_aالقاهرة : _bدار نهضة مصر للطبع والنشر |
||
| 300 |
_a251 ص ؛ _c24 سم |
||
| 650 | 0 | 4 | _aالمخدرات |
| 650 | 0 | 4 | _aالادمان |
| 942 |
_2ddc _cBK |
||
| 999 |
_c42039 _d42039 |
||